Normal view
MARC view
- خضير، عبد الكريم علون
Entry Personal Name
001 - CONTROL NUMBER
- control field: 25872
003 - CONTROL NUMBER IDENTIFIER
- control field: JO-AjAnu
005 - DATE AND TIME OF LATEST TRANSACTION
- control field: 20230606074420.0
008 - FIXED-LENGTH DATA ELEMENTS
- fixed length control field: 230606|| aca||aabn | a|a d
040 ## - CATALOGING SOURCE
- Original cataloging agency: JO-AjAnu
- Transcribing agency: JO-AjAnu
100 ## - HEADING--PERSONAL NAME
- Personal name: خضير، عبد الكريم علون
670 ## - SOURCE DATA FOUND
- Source citation: Work cat.: (JO-AjAnu)13301: خضير، عبد الكريم علون , author, الوسيط في القانون الدولي العام : الكتاب الأول " المبادئ العامة